| 000 | 00529nam a2200181Ia 4500 | ||
|---|---|---|---|
| 008 | 151202s9999||||xx |||||||||||||| ||und|| | ||
| 082 | _bPNVM-56527 | ||
| 100 | _aतुपे उत्तम. | ||
| 245 | _aकोंबारा. | ||
| 260 | _b"शशीदीप प्रकाशन,पुणे." | ||
| 260 | _c1991 | ||
| 300 | _a187 | ||
| 600 | _aतुपे उत्तम. | ||
| 630 | _aकोंबारा. | ||
| 700 | _aतुपे उत्तम. | ||
| 730 | _aकोंबारा. | ||
| 942 | _cBOOK | ||
| 999 |
_c1323065 _d1323062 |
||